| 000 | 00828nam a2200277 a 4500 | ||
|---|---|---|---|
| 005 | 20250611063909.0 | ||
| 008 | 040422s1999 mx r 000 0 spa d | ||
| 020 | _a9688870099 | ||
| 035 | _aUPN01000133018 | ||
| 040 |
_aUPN _bspa _cUPN |
||
| 049 | _aCG | ||
| 050 | 4 |
_aHN13 _bH3.5 1999 |
|
| 100 | 1 |
_aHabermas, Jürgen, _d1929- _928383 |
|
| 245 | 1 | 0 |
_aHistoria y crítica de la opinión pública / _cJ. Habermas ; tr. Antonio Doménech. |
| 250 | _a6a ed. | ||
| 260 |
_aMéxico : _bG. Gili, _c1999. |
||
| 300 | _a352 p. | ||
| 440 | 0 | _aGG mass-media | |
| 534 |
_pTraducción de: _tStrukturwandel der offentlichkeit |
||
| 650 | 2 |
_aHistoria social _99953 |
|
| 650 | 2 |
_aOpinión pública _936 |
|
| 650 | 7 |
_aComunicación _xAspectos sociales _2 _96056 |
|
| 650 | 2 |
_aPublicidad _95809 |
|
| 905 | _aLibro | ||
| 942 |
_2lcc _cLIBRO |
||
| 999 |
_c105171 _d105171 |
||